Marketing (Record no. 2737)

000 -LEADER
fixed length control field 00543nam a22002057a 4500
003 - CONTROL NUMBER IDENTIFIER
control field OSt
005 - DATE AND TIME OF LATEST TRANSACTION
control field 20210719082403.0
008 - FIXED-LENGTH DATA ELEMENTS--GENERAL INFORMATION
fixed length control field 210719b ||||| |||| 00| 0 eng d
020 ## - INTERNATIONAL STANDARD BOOK NUMBER
International Standard Book Number 9780070385481
020 ## - INTERNATIONAL STANDARD BOOK NUMBER
International Standard Book Number 0070385483
040 ## - CATALOGING SOURCE
Transcribing agency ALUPE UIVERSITY
050 ## - LIBRARY OF CONGRESS CALL NUMBER
Classification number HF541
Item number M29 2012
100 ## - MAIN ENTRY--PERSONAL NAME
Personal name Grewal Dhruv
245 ## - TITLE STATEMENT
Title Marketing
250 ## - EDITION STATEMENT
Edition statement Sixth edition
260 ## - PUBLICATION, DISTRIBUTION, ETC.
Place of publication, distribution, etc. New York, N.Y.
Name of publisher, distributor, etc. Mcgraw-Hill Education
Date of publication, distribution, etc. 2019
300 ## - PHYSICAL DESCRIPTION
Extent xii,
Other physical details 468 pages
Dimensions color illustrations
Size of unit 28 cm
700 ## - ADDED ENTRY--PERSONAL NAME
Personal name Michael Levy
942 ## - ADDED ENTRY ELEMENTS (KOHA)
Source of classification or shelving scheme
Koha item type Book
Suppress in OPAC DO
Holdings
Withdrawn status Lost status Source of classification or shelving scheme Damaged status Not for loan Permanent Location Current Location Shelving location Date acquired Source of acquisition Total Checkouts Full call number Barcode Date last seen Price effective from Koha item type Public note
          AU LIBRARY AU LIBRARY Open Shelf 19.07.2021 DONATION FROM MOI UN   HF541 M29 2012 28002618 19.07.2021 19.07.2021 Book DO

Powered by Koha